000 00630nam a2200277Ia 4500
005 20260324124628.0
008 008 260324s9999 xx 000 0 eng d
020 _a9781315249230
037 _aEBOOK
040 _aCRL
040 _beng
040 _cCRL
041 _2eng
041 _aeng
084 _qCRL
100 _aKelly DeVries
_91174892
245 0 _aMedieval Warfare 1300–1450
260 _bTaylor and Francis
260 _c2010
365 _a
365 _b450
856 _uhttp://www.taylorfrancis.com/books/9781315249230
942 _cEBOOK
999 _c1769422
_d1769422